1836 1297 1856 1651 1672 1075 1679 1569 1340 1789 1697 1478 1266 1596 1774 1598 1242 1175 1528 1506 1858 1510 1318 1574 1990 1198 1878 1299 1994 1033 1272 1376 1527 1613 1378 1255 1702 1772 1844 1677 1708 1520 1551 1729 1716 1311 1394 1502 1239 1976 1235 1852 1996 1956 1970 1674 1507 1263 1013 1603 1755 1716 1601 1069 1333 1457 1276 1504 1933 1111 1092 1579 1979 1658 1835 1720 1175 1738 1654 1617 1853 1556 1381 1400 1520 1216 1297 1211 1638 1267 1130 1061 1423 1081 1607 1065 1771 1588 1681 BCNSPRNW ULIB Ver.6.0+V

เปลี่ยนเป็นภาษาไทย

Change to English
 แสดงรายละเอียดบรรณานุกรม
  กลับหน้าหลัก

Brief Record : Get Marc (ISO 2709) : E-mail record : QR code < ปิดหน้าต่าง
LEADER : 00000nas 2200000uu 4500
001    13399125248
003     ULIB
008    161128s2559||||th 000 0 tha d
022 0  ^a01258435
110 1  ^aมหาวิทยาลัยสงขลานครินทร์
245 00 ^aวารสารวิชาการทางวิทยาศาสตร์สุขภาพ/^bSongklanagarind Medical Journal official journal health science/^cมหาวิทยาลัยสงขลานครินทร์
260    ^aสงขลา:^bมหาวิทยาลัยสงขลานครินทร์
310    ^aรายสองเดือน
850 ^a ULIB^bปีที่34 34 ฉบับที่6 5 ฉ.1 ;ฉ.1 ;ปีที่34 35 ฉบับที่6 1 ฉ.1 ;ปีที่34 35 ฉบับที่6 2 ฉ.1 ;ปีที่34 35 ฉบับที่6 3 ฉ.1 ;ปีที่34 35 ฉบับที่6 4 ฉ.1 ;ปีที่34 36 ฉบับที่6 1 ฉ.1
945    ^p0^l0^i904217
945    ^p0^l0^i904298
945    ^p0^l0^i904378
945    ^p0^l0^i904525
945    ^p0^l0^i904641
945    ^p0^l0^i904761
945    ^p0^l0^i904854
999    ^aวรรณษา ชูชัยมงคล
รายการนี้ยังไม่มีแท็ก
คุณยังไม่ได้ล็อกอิน คุณสามารถมีกิจกรรมร่วมกับเว็บไซต์ได้ แต่ต้องล็อกอินก่อน ::
  ล็อกอิน

รายการสื่อสารสนเทศ (วารสาร)

ดูแบบ: กล่อง รายการ
ARRIVED
ปีที่34 34 ฉบับที่6 5 ฉ.1
สถานที่: ห้องสมุดวิทยาเขตสวรรค์ประชารักษ์ >หนังสือพิมพ์
ARRIVED
ฉ.1
สถานที่: ห้องสมุดวิทยาเขตสวรรค์ประชารักษ์ >หนังสือพิมพ์
ARRIVED
ปีที่34 35 ฉบับที่6 1 ฉ.1
สถานที่: ห้องสมุดวิทยาเขตสวรรค์ประชารักษ์ >หนังสือพิมพ์
ARRIVED
ปีที่34 35 ฉบับที่6 2 ฉ.1
สถานที่: ห้องสมุดวิทยาเขตสวรรค์ประชารักษ์ >หนังสือพิมพ์
ARRIVED
ปีที่34 35 ฉบับที่6 3 ฉ.1
สถานที่: ห้องสมุดวิทยาเขตสวรรค์ประชารักษ์ >วารสาร
ARRIVED
ปีที่34 35 ฉบับที่6 4 ฉ.1
สถานที่: ห้องสมุดวิทยาเขตสวรรค์ประชารักษ์ >วารสาร
ARRIVED
ปีที่34 36 ฉบับที่6 1 ฉ.1
สถานที่: ห้องสมุดวิทยาเขตสวรรค์ประชารักษ์ >วารสาร

BibComment


ยังไม่เคยถูกคอมเมนท์

คอมเมนท์ทรัพยากรรายการนี้
  คอมเมนท์: วารสารวิชาการทาง..


 Copyright 2026. Bcnsprnw @Library